000 00277pab a2200121 454500
008 180718b xxu||||| |||| 00| 0 eng d
100 _aMarwah, Ved
245 _aCrime and Cops.
650 _a Police
650 _aCrime and Criminals
773 _aHindustan Times
909 _a23378
999 _c23378
_d23378